| 000 | 01552nam a2200385Ia 4500 | ||
|---|---|---|---|
| 001 | ebr10252474 | ||
| 003 | CaPaEBR | ||
| 006 | m u | ||
| 007 | cr cn||||||||| | ||
| 008 | 080414s2008 dcua sb i001 0 eng d | ||
| 010 | _z 2008016693 | ||
| 020 | _z9780821369951 | ||
| 020 | _z0821369954 | ||
| 020 | _z9780821369968 | ||
| 020 | _z0821369962 | ||
| 040 |
_aCaPaEBR _cCaPaEBR |
||
| 035 | _a(OCoLC)567979873 | ||
| 050 | 1 | 4 |
_aHC59.72.S3 _bA87 2008eb |
| 082 | 0 | 4 |
_a332.609172/4 _222 |
| 245 | 0 | 0 |
_aAssets, livelihoods, and social policy _h[electronic resource] / _cCaroline Moser and Anis A. Dani, editors. |
| 260 |
_aWashington, DC : _bWorld Bank, _cc2008. |
||
| 300 |
_axxii, 337 p. : _bill. |
||
| 490 | 1 | _aNew frontiers of social policy | |
| 504 | _aIncludes bibliographical references and index. | ||
| 533 |
_aElectronic reproduction. _bPalo Alto, Calif. : _cebrary, _d2009. _nAvailable via World Wide Web. _nAccess may be limited to ebrary affiliated libraries. |
||
| 650 | 0 |
_aSaving and investment _zDeveloping countries _vCase studies. |
|
| 650 | 0 |
_aStructural adjustment (Economic policy) _zDeveloping countries _vCase studies. |
|
| 651 | 0 |
_aDeveloping countries _xSocial policy _vCase studies. |
|
| 655 | 7 |
_aElectronic books. _2local |
|
| 700 | 1 | _aMoser, Caroline O. N. | |
| 700 | 1 |
_aDani, Anis A. _q(Anis Ahmad) |
|
| 710 | 2 | _aebrary, Inc. | |
| 830 | 0 | _aNew frontiers of social policy. | |
| 856 | 4 | 0 |
_uhttp://site.ebrary.com/lib/rucke/Doc?id=10252474 _zAn electronic book accessible through the World Wide Web; click to view |
| 999 |
_c31953 _d31953 |
||